01124nab a2200325 a 450000100060000000300080000600500170001400600190003100700150005000800410006502200160010603500210012204000260014305000240016908000110019324501190020426000390032330000120036253301640037465000130053865000160055165000360056765000150060365000180061865500320063670000320066871000190070085600620071999900170078199596FlNmELB20241217172956.0m o d | cr cn|||||||||130619s2006 ag s 000 0 spa d z100881-7781 a(OCoLC)928698241 aFlNmELBbspacFlNmELB 4aHV6431bD431 2006eb a323.2803aLa derecha crece hasta su límite naturalh[recurso electronico]bla realidad /cGabriel Fernández ...[et al.]. a[Buenos Aires] :bNAC&POP,c[2006] a3-15 p. aRecurso electrónico. Santa Fe, Arg.: e-libro, 2015. Disponible vía World Wide Web. El acceso puede estar limitado para las bibliotecas afiliadas a e-libro. 4aDelitos. 4aTerrorismo. 4aDerechos civiles y políticos. 0aTerrorism. 0aCivil rights. 4aArtículos electrónicos.1 aFernández, Gabriel,eaut.2 ae-libro, Corp.40uhttps://elibro.net/ereader/politecnicointernacional/13566 c99596d99596